<?xml version="1.0" encoding="UTF-8"?>
<record
    xmlns:xsi="http://www.w3.org/2001/XMLSchema-instance"
    xsi:schemaLocation="http://www.loc.gov/MARC21/slim http://www.loc.gov/standards/marcxml/schema/MARC21slim.xsd"
    xmlns="http://www.loc.gov/MARC21/slim">

  <leader>02056cab a2200289Ia 45 0</leader>
  <controlfield tag="001">u212235</controlfield>
  <controlfield tag="003">SIRSI</controlfield>
  <controlfield tag="008">110809s2009    ua     ss b         eng d</controlfield>
  <datafield tag="040" ind1=" " ind2=" ">
    <subfield code="a">EAL</subfield>
  </datafield>
  <datafield tag="041" ind1=" " ind2=" ">
    <subfield code="a">eng</subfield>
    <subfield code="b">ara</subfield>
  </datafield>
  <datafield tag="090" ind1=" " ind2=" ">
    <subfield code="a">ART ASEJ V35 No4 9</subfield>
  </datafield>
  <datafield tag="100" ind1="1" ind2=" ">
    <subfield code="a">Ali, R. A. M.</subfield>
  </datafield>
  <datafield tag="240" ind1="1" ind2="0">
    <subfield code="a">Alexandria science exchange journal, 2014 v. 35 (4)</subfield>
    <subfield code="h">[electronic resource]:</subfield>
    <subfield code="b">an international quarterly journal of science agricultural environments.</subfield>
  </datafield>
  <datafield tag="245" ind1="1" ind2="0">
    <subfield code="a">Influence of application systems of K&#x2082;SO&#x2084; and foliar application of micronutrient mixtures on cassava grown in sandy soil</subfield>
    <subfield code="h">[electronic resource].</subfield>
  </datafield>
  <datafield tag="246" ind1="1" ind2="5">
    <subfield code="a">&#x62A;&#x623;&#x62B;&#x64A;&#x631; &#x646;&#x638;&#x645; &#x625;&#x636;&#x627;&#x641;&#x629; &#x643;&#x628;&#x631;&#x64A;&#x62A;&#x627;&#x62A; &#x627;&#x644;&#x628;&#x648;&#x62A;&#x627;&#x633;&#x64A;&#x648;&#x645; &#x648;&#x627;&#x644;&#x631;&#x634; &#x627;&#x644;&#x648;&#x631;&#x642;&#x64A; &#x628;&#x62A;&#x631;&#x643;&#x64A;&#x632;&#x627;&#x62A; &#x645;&#x62E;&#x62A;&#x644;&#x641;&#x629; &#x645;&#x646; &#x627;&#x644;&#x639;&#x646;&#x627;&#x635;&#x631; .&#x627;&#x644;&#x635;&#x63A;&#x631;&#x64A; &#x639;&#x644;&#x649; &#x627;&#x644;&#x643;&#x627;&#x633;&#x641;&#x627; &#x62A;&#x62D;&#x62A; &#x638;&#x631;&#x648;&#x641; &#x627;&#x644;&#x627;&#x631;&#x627;&#x636;&#x64A; &#x627;&#x644;&#x631;&#x645;&#x644;&#x64A;&#x629;</subfield>
  </datafield>
  <datafield tag="300" ind1=" " ind2=" ">
    <subfield code="a">P.314-324</subfield>
  </datafield>
  <datafield tag="504" ind1=" " ind2=" ">
    <subfield code="a">Includes references.</subfield>
  </datafield>
  <datafield tag="520" ind1=" " ind2=" ">
    <subfield code="a">The effect of the application systems of K&#x2082;SO&#x2084; and foliar application of micronutrient mixtures levels on growth, yield and quality of cassava (Indonesian, cv) was studied at Experimental Farm of South Tahrir Horticulture Research Station, at Ali Mubarak Village, EL-Bostan region, Behera, Egypt during 2012/2013 and 2013/1014 seasons. The experimental design used was the split plot system in randomized complete block design with 3 replications. Cassava plant that receiving five equal doses of  K&#x2082;SO&#x2084; gave the highest values of plant height, number of leaves and number of branches plant-1, root weight, root length, root diameter, total yield plant-1 and total yield fad- 1, as well as tuberous root dry matter, root starch, and total sugar of root.</subfield>
  </datafield>
  <datafield tag="546" ind1=" " ind2=" ">
    <subfield code="a">Summary in Arabic.</subfield>
  </datafield>
  <datafield tag="650" ind1=" " ind2="0">
    <subfield code="a">Cassava</subfield>
    <subfield code="x">Fertilizers.</subfield>
  </datafield>
  <datafield tag="650" ind1=" " ind2="0">
    <subfield code="a">Potassium fertilizers</subfield>
  </datafield>
  <datafield tag="650" ind1=" " ind2="0">
    <subfield code="a">Microorganisms in plant nutrition.</subfield>
  </datafield>
  <datafield tag="700" ind1="1" ind2=" ">
    <subfield code="a">Abd-Elkader,D.Y</subfield>
  </datafield>
  <datafield tag="773" ind1="0" ind2=" ">
    <subfield code="t">Alexandria Science Exchange Journal. </subfield>
    <subfield code="g">2014.v.35(4)</subfield>
    <subfield code="x">1110-0176</subfield>
    <subfield code="7">nnas</subfield>
    <subfield code="w">u193445</subfield>
  </datafield>
  <datafield tag="856" ind1="4" ind2="0">
    <subfield code="u">http://nile.enal.sci.eg/EALE/2014/ASEJ/3514/4/314.pdf</subfield>
    <subfield code="z">Full Text Article</subfield>
  </datafield>
  <datafield tag="596" ind1=" " ind2=" ">
    <subfield code="a">1</subfield>
  </datafield>
  <datafield tag="942" ind1=" " ind2=" ">
    <subfield code="c">AR</subfield>
    <subfield code="2">lcc</subfield>
  </datafield>
  <datafield tag="999" ind1=" " ind2=" ">
    <subfield code="c">61011</subfield>
    <subfield code="d">61011</subfield>
  </datafield>
</record>
